Statistics for Formula One Drivers by Championship Wins

Click here to take the quiz!

General Stats

  • This quiz has been taken 250 times
    (117 since last reset)
  • The average score is 26 of 34

Answer Stats

Championship WinsAnswer% Correct
7Lewis Hamilton
99%
7Michael Schumacher
97%
4Sebastian Vettel
93%
4Alain Prost
91%
3Niki Lauda
88%
2Fernando Alonso
86%
2Max Verstappen
86%
5Juan Manuel Fangio
85%
1Kimi Raikkonen
83%
3Nelson Piquet
80%
2Alberto Ascari
77%
1Giuseppe Farina
77%
1Jenson Button
77%
2Mika Hakkinen
77%
1Nigel Mansell
76%
3Jackie Stewart
75%
1Nico Rosberg
75%
3Jack Brabham
74%
1Jacques Villeneuve
74%
1James Hunt
74%
3Ayrton Senna
73%
1Damon Hill
73%
2Emerson Fittipaldi
73%
2Jim Clark
73%
1Jody Scheckter
72%
1Keke Rosberg
72%
1Mario Andretti
70%
1Alan Jones
69%
2Graham Hill
65%
1Phil Hill
65%
1Denny Hulme
64%
1Jochen Rindt
60%
1Mike Hawthorn
59%
1John Surtees
56%

Score Distribution

Percentile by Number Answered

Percent of People with Each Score

Your Score History

You have not taken this quiz since the last reset